Problematika hybridnej vojny v koncepcii súčasnej zahraničnej politiky Slovenskej republiky bakalárska práca

Enregistré dans:
Détails bibliographiques
Auteur principal: Pelypenko, Mariia
Collectivité auteur: Fakulta medzinárodných vzťahov EU. Katedra medzinárodných politických vzťahov
Autres auteurs: Škvrnda, František, ml., 1987-
Format: Livre
Langue:slovaque
Publié: Bratislava 2025
Tags: Ajouter un tag
Pas de tags, Soyez le premier à ajouter un tag!

MARC

LEADER 00000nbm a2200000 4500
001 0309613
005 20260326141305.0
041 0 |a slo 
044 |a SK 
245 1 0 |a Problematika hybridnej vojny v koncepcii súčasnej zahraničnej politiky Slovenskej republiky  |b bakalárska práca  |c Mariia Pelypenko ; školiteľ: František Škvrnda 
264 1 |a Bratislava  |c 2025 
300 |a 50 s. 
100 1 |a Pelypenko, Mariia 
700 1 |a Škvrnda, František, ml., 1987- 
710 2 |a Fakulta medzinárodných vzťahov EU. Katedra medzinárodných politických vzťahov